Ethnic groups in Morocco - Statistics

General Stats
  • This quiz has been taken 55 times
    22 since last reset
  • The average score is 2 of 9
Answer Stats
Family Population Ethnicity % Correct
Afroasiatic (Semitic) 13.6 million Arab
95%
Afroasiatic (Berber) 6 million Riffian
50%
Afroasiatic (Berber) 8 million Shilha
10%
Afroasiatic (Semitic)Niger-Congo (Mande) 54 k Haratin
5%
Afroasiatic (Semitic)Afroasiatic (Berber) 3 million Jebala
5%
Afroasiatic (Berber) 8.4 million Zayane
5%
Afroasiatic (Berber) 300 k Zenati
5%
Afroasiatic (Berber) 250 k Ghomara
0%
Afroasiatic (Berber) 51 k Sanhaja de Srair
0%
No matching quizzes found
Score Distribution
Percent of People with Each Score
Percentile by Number Answered
Your Score History
You have not taken this quiz since the last reset